Разработка требований к проведению анализа несоответствий; Информационные технологии (IT) в контроле, управлении качеством и безопасности

Bibliografiske detaljer
Parent link:Информационные технологии (IT) в контроле, управлении качеством и безопасности.— 2019.— [С. 301-305]
Hovedforfatter: Тартыкова А. Х. Анна Хайрулловна
Institution som forfatter: Национальный исследовательский Томский политехнический университет
Summary:Заглавие с экрана
В работе рассмотрена разработка требований к проведению анализа несоответствий. С использованием методов статистического анализа, был проведен анализ несоответствий для конкретной организации, на основе результатов которого составлен алгоритм анализа несоответствий, который носит рекомендательный характер.
The paper considers the development of requirements for the analysis of nonconformities. Using the methods of statistical analysis, an analysis of nonconformities was conducted for a specific organization, based on the results of which an algorithm for analyzing nonconformities was compiled, which is advisory in nature.
Sprog:russisk
Udgivet: 2019
Fag:
Online adgang:http://earchive.tpu.ru/handle/11683/57599
Format: MixedMaterials Electronisk Book Chapter
KOHA link:https://koha.lib.tpu.ru/cgi-bin/koha/opac-detail.pl?biblionumber=630802

MARC

LEADER 00000naa2a2200000 4500
001 630802
005 20231102024504.0
035 |a (RuTPU)RU\TPU\conf\32316 
035 |a RU\TPU\conf\32315 
090 |a 630802 
100 |a 20200123d2019 k y0rusy50 ca 
101 0 |a rus 
102 |a RU 
105 |a y z 101zy 
135 |a drcn ---uucaa 
181 0 |a i  
182 0 |a b 
200 1 |a Разработка требований к проведению анализа несоответствий  |d Development of requirements for performance analysis  |f А. Х. Тартыкова 
203 |a Текст  |c электронный 
230 |a 1 компьютерный файл (pdf; 837 Кб) 
300 |a Заглавие с экрана 
320 |a [Библиогр.: с. 305 (5 назв.)] 
330 |a В работе рассмотрена разработка требований к проведению анализа несоответствий. С использованием методов статистического анализа, был проведен анализ несоответствий для конкретной организации, на основе результатов которого составлен алгоритм анализа несоответствий, который носит рекомендательный характер. 
330 |a The paper considers the development of requirements for the analysis of nonconformities. Using the methods of statistical analysis, an analysis of nonconformities was conducted for a specific organization, based on the results of which an algorithm for analyzing nonconformities was compiled, which is advisory in nature. 
463 0 |0 (RuTPU)RU\TPU\conf\32128  |t Информационные технологии (IT) в контроле, управлении качеством и безопасности  |o сборник научных трудов VIII Международной конференции школьников, студентов, аспирантов, молодых ученых "Ресурсоэффективные системы в управлении и контроле: взгляд в будущее", 7 -12 октября 2019 г., г. Томск  |f Национальный исследовательский Томский политехнический университет (ТПУ)  |v [С. 301-305]  |d 2019 
510 1 |a Development of requirements for performance analysis  |z eng 
610 1 |a электронный ресурс 
610 1 |a труды учёных ТПУ 
610 1 |a требования 
610 1 |a система менеджмента качества 
610 1 |a стандарты ИСО 
610 1 |a ИСО 9000 
610 1 |a несоответствия 
610 1 |a статистические методы 
610 1 |a статистический анализ 
610 1 |a алгоритмы 
610 1 |a quality management system 
610 1 |a standards ISO series 9000 
610 1 |a process 
610 1 |a non-compliance 
610 1 |a analysis 
610 1 |a statistical methods 
700 1 |a Тартыкова  |b А. Х.  |g Анна Хайрулловна 
712 0 2 |a Национальный исследовательский Томский политехнический университет  |c (2009- )  |2 stltpush  |3 (RuTPU)RU\TPU\col\15902  |9 26305 
801 2 |a RU  |b 63413507  |c 20200128  |g RCR 
856 4 |u http://earchive.tpu.ru/handle/11683/57599 
942 |c BK